00550nam a2200145Ia 4500003000900000008004100009040003300050041000800083080001400091100003200105245014100137246006600278260004500344300001500389LK-CoDNM010623t2011 xxu||||| |||| 00| 1 sin d aLK-CoDNMdLK-CoDNMeLK-CoDNM asin a294.3 GAN aGanananda Himi,Kiribathgoda aහේතුවක් නිසා : චතුරාර්‍ය සත්ාවබෝධයට ධර්ම දේශනා aHethuwak Nisa : Chathurarya Sathyawabodhayata Dharma Deshana. bMahamega PrakashakayoaPolgahawelac2011 b108, 21 cm